Saberes, arte y mujeres indígenas (Registro nro. 19797)
[ vista simple ]
| 000 -CABECERA | |
|---|---|
| Campo de control | 00601nam a22002057a 4500 |
| 005 - FECHA Y HORA DE LA ULTIMA TRANSACCION | |
| Campo de control | 20170901142825.0 |
| 008 - ELEMENTOS DE LONGITUD FIJA—INFORMACION GENERAL | |
| Campo de control | 170901b2013 pe ||||| |||| 00| 0 spa d |
| 020 ## - ISBN | |
| ISBN | 9789972679490 |
| 040 ## - FUENTE DE CATALOGACIÓN | |
| Agencia catalogadora original | CO-BoIAVH |
| Agencia transcriptora | CO-BoIAVH |
| 041 ## - IDIOMA | |
| Código de idioma para texto/pista de sonido o título separado | Español |
| 044 ## - PAÍS DE PUBLICACIÓN | |
| País de publicación | Perú |
| 082 14 - NUMERO DE CLASIFICACION DECIMAL DEWEY | |
| Número de clasificación | 305.488985 |
| Número del ítem | C44s |
| 245 00 - MENCION DE TITULO | |
| Título | Saberes, arte y mujeres indígenas |
| 260 ## - PUBLICACION, DISTRIBUCION, ETC. (PIE DE IMPRENTA) | |
| Lugar de publicación, distribución, etc. | Quito: |
| Nombre del editor, distribuidor, etc. | Chirapaq, |
| Fecha de publicación, distribución, etc. | 2013. |
| 300 ## - DESCRIPCION FISICA | |
| Extensión | 22 páginas |
| Otros detalles físicos | fotos a color |
| 490 ## - MENCION DE SERIE | |
| Mención de serie | Cuadernos para la Información |
| Designación numérica/secuencial del volumen | 2 |
| 650 #0 - ASIENTO SECUNDARIO DE MATERIA - TERMINO TEMATICO | |
| Término temático o nombre geográfico como elemento de entrada | Mujeres indígenas |
| Subdivisión geográfica | Perú |
| 9 (RLIN) | 83853 |
| 650 #0 - ASIENTO SECUNDARIO DE MATERIA - TERMINO TEMATICO | |
| Término temático o nombre geográfico como elemento de entrada | Tejido a mano |
| Subdivisión general | Cultura Arawak |
| Subdivisión geográfica | Perú |
| 9 (RLIN) | 83854 |
| 942 ## - ELEMENTOS ADICIONALES (KOHA) | |
| Sistema de clasificación | Dewey Decimal Classification |
| Tipo de ítem | Folleto |
| Withdrawn status | Lost status | Sistema de Clasificación | Damaged status | No para préstamo | Colección | Inventariado | Ubicación Permanente | Ubicación actual | Fecha de adquisición | Total Checkouts | Número topográfico | Inventario / Código de Barras | Date last seen | Ejemplar | Price effective from | Forma de adquisición | Tipo de material |
|---|---|---|---|---|---|---|---|---|---|---|---|---|---|---|---|---|---|
| Local | Hemeroteca | Inventariado 2017 | Bogotá | Bogotá | 01/09/2017 | FG-0147 | 042678 | 01/09/2017 | Ej. 1 | 01/09/2017 | Donación | Folleto |